| 000 | 00678nam a2200169 4500 | ||
|---|---|---|---|
| 001 | 117931 | ||
| 003 | ES-MaACL | ||
| 005 | 20230906191010.0 | ||
| 007 | t| | ||
| 008 | 070214s1914 sp r ||||1| spa d | ||
| 100 | 1 |
_aPerera, Arturo. _990520 |
|
| 245 | 1 | 0 |
_aMiscelánea Literaria / _cArturo Perera. |
| 260 |
_aMadrid : _bR. Velasco, _c1914. |
||
| 300 |
_a284 p. ; _c19 cm. |
||
| 500 | _aContiene: El director espiritual, comedia en cuatro actos. La lucha de abnegación, novela sentimental. ¡Maldita seas!, novela romántica. La última entrevista, monólogo en cuatro escenas en verso. Aventuras de un recluta de cuota. Versos. Ideas sueltas. | ||
| 852 |
_aES-MaACL _jD-4172 |
||
| 999 |
_c117931 _d117931 |
||